000 00507 a2200205 4500
005 20260505104135.0
008 260504b |||||||| |||| 00| 0 eng d
020 _a9789380917689
_cRs. 250.00
040 _aMAIN
082 _a327.54
_bS51D
100 _aSomanl, N K
245 _aDakshin Asia mein Bharat
260 _bVikas Prakashan
_c2021
_aBikaner
300 _a124
650 _aDefence Studies
650 _aInternational Relations
650 _aIndia
650 _aSouth Asia
942 _cBK
999 _c395576
_d395576